The Master and the Labourer (Record no. 675)

MARC details
000 -LEADER
fixed length control field 00291nam a22001097a 4500
008 - FIXED-LENGTH DATA ELEMENTS--GENERAL INFORMATION
fixed length control field 160624b xxu||||| |||| 00| 0 eng d
100 ## - MAIN ENTRY--PERSONAL NAME
9 (RLIN) 851
Personal name Bean, B
245 ## - TITLE STATEMENT
Title The Master and the Labourer
260 ## - PUBLICATION, DISTRIBUTION, ETC. (IMPRINT)
Place of publication, distribution, etc. nos
Name of publisher, distributor, etc. Sovela Kert Gregh
Date of publication, distribution, etc. 1979
300 ## - PHYSICAL DESCRIPTION
Extent The Master and the Labourer
942 ## - ADDED ENTRY ELEMENTS (KOHA)
Source of classification or shelving scheme Dewey Decimal Classification
Koha item type BOOK
Holdings
Withdrawn status Lost status Source of classification or shelving scheme Damaged status Not for loan Home library Current library Shelving location Date acquired Total Checkouts Full call number Barcode Date last seen Price effective from Koha item type
    Dewey Decimal Classification     Good Samaritan School Library Good Samaritan School Library FICTION 06/24/2016   823 BEA852 06/24/2016 06/24/2016 BOOK

Powered by Koha